Propuesta de Renovación Urbana arquitectónica del asentamiento Lomas de Guadalupe distrito V de Managua
Presenta una propuesta de Renovación Urbano Arquitectónica, partiendo de los lineamientos y reglamentaciones generales y de la problemática actual que presenta el asentamiento Lomas de Guadalupe
| Main Author: | |
|---|---|
| Other Authors: | |
| Format: | Tesis Section = Libro |
| Language: | Undetermined Spanish |
| Published: |
Managua
UNI
2009
|
| Subjects: |
| LEADER | 01043nam a2200253Ia 4500 | ||
|---|---|---|---|
| 008 | 240830s9999 xx 000 0 und d | ||
| 040 | |a BIBLIOTECA-RUSB/ Mon 711.4 B793 | ||
| 041 | |a spa | ||
| 082 | |a Mon 711.4 B793 | ||
| 100 | 1 | |a Boza Castellón, Isaac Manuel | |
| 245 | 1 | 0 | |a Propuesta de Renovación Urbana arquitectónica del asentamiento Lomas de Guadalupe distrito V de Managua |
| 260 | |a Managua |b UNI |c 2009 | ||
| 300 | |a 318 p. :il. | ||
| 500 | |a Contiene: anexos. | ||
| 502 | |a Tesis (Arquitecto) - UNI, 2009. | ||
| 520 | 3 | |a Presenta una propuesta de Renovación Urbano Arquitectónica, partiendo de los lineamientos y reglamentaciones generales y de la problemática actual que presenta el asentamiento Lomas de Guadalupe | |
| 650 | 7 | |a URBANISMO - PLANIFICACION DEL ESPACIO | |
| 650 | 7 | |b PLANIFICACIÓN URBANA | |
| 650 | 7 | |c ARQUITECTURA - DISEÑOS Y PLANOS | |
| 650 | 7 | |d URBANISMO ELABORACIÓN DE PROYECTOS | |
| 700 | 1 | |a Tutor: |b Hernández Hidalgo, Heimdall Verónica | |
| 942 | |c BK |2 ddc | ||
| 991 | |a TESIS | ||
| 999 | |c 20880 | ||